000 00851cab a22002055a 4500
001 L135779
008 061211s2006 xxk f 000 0 eng d
035 _a(Sirsi) u135779
041 0 _aeng
100 1 _aForrest, Paul
245 0 0 _aStart running now
260 _c2006
490 0 _aPremises and Facilities Management
_vAugust 2006, 14-16(3)
520 _aDiscusses the momentum for construction in the wake of the London Olympic Games, and the involvement of the facilities management sector in the procurement process. Discusses the need for the facilities management sector to be proactive so as to ensure the sector's place in supporting the games and its legacy.
590 _aKA
650 2 4 _aOLYMPIC GAMES 2012
651 4 _aLondon (Greater London Authority)
_c2000-
_93989
690 _aMANAGEMENT-FACILITIES MANAGEMENT
942 _n0
999 _c77985
_d77985